Estudio del transporte líquido durante el secado Isotérmico de Acido Acetil Salicílico
Presenta un estudio experimental y teórico del transporte líquido durante el secado isotérmico del ácido acetilsalicílico saturándolo con dos solventes de diferente densidad y volatilidad.Los experimentos fueron realizados en un secador de túnel enchaquetado en el cual la humedad, la temperat...
| Main Author: | |
|---|---|
| Other Authors: | |
| Format: | Tesis Section = Libro |
| Language: | Undetermined Spanish |
| Published: |
Managua
UNI
2006
|
| Subjects: |
| LEADER | 01292nam a2200253Ia 4500 | ||
|---|---|---|---|
| 008 | 240830s9999 xx 000 0 und d | ||
| 040 | |a CEDOC DACA-RUSB / Mon 660.28426 L579 | ||
| 041 | |a spa | ||
| 082 | |a Mon 660.28426 L579 | ||
| 100 | 1 | |a León Villavicencio, Mike | |
| 245 | 1 | 0 | |a Estudio del transporte líquido durante el secado Isotérmico de Acido Acetil Salicílico |
| 260 | |a Managua |b UNI |c 2006 | ||
| 300 | |a 73 p. :il | ||
| 500 | |a Contiene apéndice | ||
| 502 | |a Tesis (Ingeniero Químico) -UNI, 2006. | ||
| 520 | 3 | |a Presenta un estudio experimental y teórico del transporte líquido durante el secado isotérmico del ácido acetilsalicílico saturándolo con dos solventes de diferente densidad y volatilidad.Los experimentos fueron realizados en un secador de túnel enchaquetado en el cual la humedad, la temperatura del flujo de aire y de la muestra eran controladas para mantener condiciones constantes.La muestra fue colocada en un recipiente cilíndrico de tal manera que la superficie del lecho estuviera en cont | |
| 650 | 7 | |a PROCESO DE EVAPORACION Y SECADO | |
| 650 | 7 | |b FUNDAMENTOS DE SECADO. | |
| 650 | 7 | |c CINETICA DE SECADO. | |
| 650 | 7 | |d INFILTRACION Y SECADO | |
| 700 | 1 | |a Tutor: |b Gamero, Rafael | |
| 942 | |c BK |2 ddc | ||
| 991 | |a TESIS | ||
| 999 | |c 26202 | ||